000 00558nam a2200145Ia 4500
008 100122s9999 xx 000 0 und d
082 _b34682
_a330
100 _aटिपणीस गो गो
245 _aकौटिलीय अर्थशास्त्र - प्रदीप
260 _bस गो विरकुड
_c1923
300 _a204
630 _aकौटिलीय अर्थशास्त्र - प्रदीप
730 _aकौटिलीय अर्थशास्त्र - प्रदीप
942 _cBOOK
999 _c418169
_d418166